Groupes de 2 - Culture Générale - Statistiques

Statistiques générales
  • Ce quiz a été pris 237 fois
  • Le résultat moyen est 34 sur 86
Statistiques - réponses
Hint Réponse % Correct
Finalistes des présidentielles françaises en 2007 Nicolas Sarkozy
91%
Eléments chimiques composant le CO2 Oxygène
91%
Vainqueurs de la Coupe du Monde de football 2018 et 2022 France
90%
Pays qui commencent par la lettre U Uruguay
86%
Prénoms des Manaudou, frère et soeur champions olympiques Laure
83%
Eléments chimiques composant le CO2 Carbone
82%
Vainqueurs de la Coupe du Monde de football 2018 et 2022 Argentine
80%
Pays enclavés par l'Italie Vatican
79%
Frères célèbres dans Tintin Dupont
78%
Prénoms des Manaudou, frère et soeur champions olympiques Florent
78%
Frères célèbres dans Tintin Dupond
74%
Pays enclavés par l'Italie Saint-Marin
74%
Les soeurs Middleton Kate
73%
Pays qui commencent par la lettre U Ukraine
63%
Pays d'Amérique latine sans accès à la mer Paraguay
61%
Fidèles compagnons d'Ariel Polochon
60%
Finalistes des présidentielles françaises en 2007 Ségolène Royal
59%
Pays d'Amérique latine sans accès à la mer Bolivie
58%
Couple de la mythologie grecque habitant sur Ithaque avec leur fils Télémaque Ulysse
56%
Stars du film La La Land Emma Stone
55%
Jumelles du lieutenant Terry Jeffords dans Brooklyn 99 Cagney
54%
Noms des biopic sur Elton John et Freddy Mercury Bohemian Rhapsody
53%
Auteurs de l'Encyclopédie Diderot
53%
Jumelles du lieutenant Terry Jeffords dans Brooklyn 99 Lacey
53%
Noms du chandelier et de l'horloge dans La Belle et La Bête Lumière
53%
Habitants au 221B Baker Street Sherlock
53%
Pays comptant le plus grand nombre de victoires à l'Eurovision Suède
52%
Binôme de souris accompagnant Cendrilllon Gus
50%
Habitants au 221B Baker Street Watson
50%
Stars du film La La Land Ryan Gosling
48%
Couple au centre de l'histoire dans La Princesse et la Grenouille Tiana
48%
Duo de Bloqués Orelsan
47%
Fidèles compagnons d'Ariel Sebastien
47%
Demi-soeurs de Cendrillon Javotte
46%
Couple de la mythologie grecque habitant sur Ithaque avec leur fils Télémaque Pénélope
44%
Duo de Bloqués Gringe
42%
Pays situés sur l'ancienne île d'Hispaniola Haïti
42%
Demi-soeurs de Cendrillon Anastasie
41%
Pays situés sur l'ancienne île d'Hispaniola République Dominicaine
40%
Noms des biopic sur Elton John et Freddy Mercury Rocketman
40%
Filles de Ned et Catelyn Stark Arya
39%
Acteurs des Studio Marvel incarnant la fratrie Loki/Thor Chris Hemsworth
38%
Principaux partis politiques au Royaume-Uni Conservateur
36%
Auteurs de l'Encyclopédie D'Alembert
33%
Parents stars de Brooklyn, Romeo, Cruz et Harper Seven David Beckham
33%
Chien et chat de la famille Simpson Petit Papa Noël
33%
Parents stars de Brooklyn, Romeo, Cruz et Harper Seven Victoria Beckham
33%
Les soeurs Middleton Pippa
32%
Filles de Ned et Catelyn Stark Sansa
32%
Principaux partis politiques au Royaume-Uni Travailliste
29%
Enfants d'Howard et Bernadette Wolowitz dans The Big Bang Theory Halley
28%
Demi-frères constructeurs qui énervent leur grande soeur Candice Ferb
27%
Duo qui n'a besoin de rien, envie de toi Peter
27%
Demi-frères constructeurs qui énervent leur grande soeur Candice Phineas
27%
Ils ont chanté "Don't go breaking my heart" ensemble Elton John
26%
Duo qui n'a besoin de rien, envie de toi Sloane
26%
Prénoms des enfants de Meghan Markle et du Prince Harry Archie
25%
Personnages principaux des films High School Musical Troy
24%
Noms du chandelier et de l'horloge dans La Belle et La Bête Big Ben
23%
Chien et chat de la famille Simpson Boule de Neige
23%
Femmes parmi les Mugiwara Nami
22%
Couple au centre de l'histoire dans La Princesse et la Grenouille Naveen
21%
Noms des deux classes en CPGE Littéraire Hypokhagne
20%
Binôme de souris accompagnant Cendrillon Jack
20%
Femmes parmi les Mugiwara Robin
20%
Acteurs des Studio Marvel incarnant la fratrie Loki/Thor Tom Hiddleston
20%
Personnages principaux des films High School Musical Gabriella
19%
Noms des deux classes en CPGE Littéraire Khagne
19%
Numéros des éditions des Hunger Games auxquelles ont participé Katniss et Peeta 74
18%
Numéros des éditions des Hunger Games auxquelles ont participé Katniss et Peeta 75
18%
Dernier des Valois et 1er Roi des Bourbons Henri IV
18%
Prénoms des enfants de Meghan Markle et du Prince Harry Lilibet
17%
Frères du Roi Robert Baratheon dans Games of Thrones Stannis
17%
Couple célèbre écrit par Racine dans Bérénice Bérénice
16%
Pays comptant le plus grand nombre de victoires à l'Eurovision Irlande
15%
Dernier des Valois et 1er Roi des Bourbons Henri III
12%
Duo d'opossums dans la saga L'âge de Glace Eddie
11%
Ils ont chanté "Don't go breaking my heart" ensemble Kiki Dee
11%
Dates de début et fin de la Guerre de Cent Ans 1453
10%
Dates de début et fin de la Guerre de Cent Ans 1337
9%
Duo d'opossums dans la saga L'âge de Glace Crash
9%
Frères du Roi Robert Baratheon dans Games of Thrones Renly
8%
Fratrie scientifique à l'origine de la découverte d'Uranus William Herschel
7%
Fratrie scientifique à l'origine de la découverte d'Uranus Caroline Herschel
6%
Couple célèbre écrit par Racine dans Bérénice Titus
6%
Enfants d'Howard et Bernadette Wolowitz dans The Big Bang Theory Neil
2%
Aucun quiz correspondant
Distribution des résultats
% des personnes avec chaque résultat
Percentile par nombre de réponses
Votre historique - résultats
Vous n’avez pas pris ce quiz